000 00647nam a22002177a 4500
003 OSt
005 20220106112440.0
008 220106b1989 ck ||||gr|||| 00| d spa d
040 _aCO-JMCR
_cCO-JMCR
041 0 _aspa
082 0 4 _aT /
_bROJc2
_223
100 1 _aRojas, Fernando de,
_eautor
_941848
245 1 3 _aLa celestina /
_cFernando de Rojas
260 _aMedellín :
_bEdilux Ediciones,
_c1989.
300 _a320 páginas ;
_c19 cm.
490 0 _aClásicos Universales Edilux
650 1 4 _aTragicomedia española
_ySiglo XV
_941851
650 2 4 _aTeatro español
_ySiglo XV
_941852
650 2 4 _aDrama español
_912123
942 _2ddc
_cBK
999 _c15654
_d15654